|
|
|
|
| LEADER |
00000nab a2200000 a 4500 |
| 001 |
vtls000831872 |
| 003 |
SK-MaSNL |
| 005 |
20260304195603.0 |
| 008 |
250505c2000 xo 0 slo |
| 015 |
|
|
|a SNBRA2003/04-12002
|
| 035 |
|
|
|a CLN000183527
|
| 035 |
|
|
|a urn:nbn:sk:snk-ab9vmn
|
| 035 |
|
|
|a (urnnbn)urn:nbn:sk:snk:ar-a090v7
|
| 035 |
|
|
|a (uuid)dc2d5118-4c0b-40e6-9d68-6268c9f557d5
|
| 040 |
|
|
|a SNKBUCL
|b slo
|c SNKBUCL
|e AACR2
|
| 041 |
0 |
|
|a slo
|
| 044 |
|
|
|a xo
|c SK
|
| 080 |
|
|
|a 82:929:885.4(048)
|2 1997
|
| 080 |
|
|
|a 885.4:929(048)
|2 1997
|
| 080 |
|
|
|a 82(091):885.4"19"(048)
|2 1997
|
| 080 |
|
|
|a 940.2(=81)"19"(048)
|2 1997
|
| 100 |
1 |
|
|a Podrimavský, Milan,
|d 1943-2011
|4 aut
|9 102858
|
| 245 |
1 |
0 |
|a Jan Kollar i Rossija
|c Milan Podrimavský
|
| 600 |
1 |
7 |
|a Kollár, Ján,
|d 1793-1852
|2 snkbucl
|9 106018
|
| 650 |
0 |
7 |
|a slovanská vzájomnosť
|y 19. stor., 1. polovica
|x monografie
|x recenzie
|2 snkbucl
|9 25060
|
| 655 |
|
7 |
|a články zo zborníkov
|2 snkbucl
|9 166140
|
| 773 |
0 |
|
|t Historický zborník 10
|d Martin : Matica slovenská, 2000
|g S. 166-168
|z 8070905735
|
| 787 |
0 |
8 |
|i Rec.:
|a Rokina, Galina Viktorovna
|t Jan Kollar i Rossija
|d Joškar-Ola : MGPI, 1998
|z 5884480121
|
| 850 |
|
|
|a Slovenská národná knižnica
|
| 852 |
|
|
|a Slovenská národná knižnica
|
| 954 |
|
|
|a odborná, vedecká literatúra pôvodná (slovenská)
|2 lita
|
| 958 |
|
|
|a article13
|
| 958 |
|
|
|a OND
|
| 958 |
|
|
|a RC
|
| 958 |
|
|
|a RU
|
| 958 |
|
|
|a LX
|
| 958 |
|
|
|a SS
|
| 958 |
|
|
|a EUIPO
|
| 992 |
|
|
|a RZB
|
| 999 |
|
|
|c 3082206
|d 3084136
|